000 00894nam a22003137a 4500
001 BR8004360
003 BR-BrBNA
005 20230928090649.0
007 ta
008 230509b bl.||||| |||| 00| 0 por d
040 _aBR-BrBNA
_bpor
_cBiblioteca Nacional de Agricultura
041 _a(Eng, Por)
072 _aK50; K20
_b8901
_b/G514
090 _ 8901 BR8004360
110 1 _aInstituto Brasileiro de Desenvolvimento Florestal, Brasilia, DF (Brasil)
_95727
245 1 _aMadeiras de Tucurui, caracteristicas e utilizacao [Para; Brasil]
260 3 _aBrasilia, DF (Brasil):
_c1980.
300 _a86 p.
650 _aMADEIRA
650 _aPRESERVACAO DA MADEIRA
650 _aSECAGEM
650 _aINDUSTRIALIZACAO
650 _aINVENTARIO FLORESTAL
650 _aDENDROMETRIA
650 _aTUCURUI
650 _aPARA
909 _a202309
_bLucia
_c55
_dLucia Elande
942 _cBK
999 _c29903
_d29903